<?xml version="1.0" encoding="UTF-8"?>
<record
    xmlns:xsi="http://www.w3.org/2001/XMLSchema-instance"
    xsi:schemaLocation="http://www.loc.gov/MARC21/slim http://www.loc.gov/standards/marcxml/schema/MARC21slim.xsd"
    xmlns="http://www.loc.gov/MARC21/slim">

  <leader>01840nam a2200265 a 4500</leader>
  <controlfield tag="001">000081604</controlfield>
  <controlfield tag="005">20200120224607.0</controlfield>
  <controlfield tag="008">161123s2015    sp ||||gr|||| 000 ||spa d</controlfield>
  <datafield tag="020" ind1=" " ind2=" ">
    <subfield code="a">9788416075393</subfield>
  </datafield>
  <datafield tag="041" ind1="0" ind2=" ">
    <subfield code="a">+&#xBF;spa</subfield>
  </datafield>
  <datafield tag="043" ind1=" " ind2=" ">
    <subfield code="a">s-sp---</subfield>
  </datafield>
  <datafield tag="082" ind1="0" ind2="4">
    <subfield code="2">21</subfield>
  </datafield>
  <datafield tag="090" ind1=" " ind2=" ">
    <subfield code="a">JN</subfield>
    <subfield code="b">GIEs</subfield>
  </datafield>
  <datafield tag="100" ind1="1" ind2=" ">
    <subfield code="a">Gier, Kerstin</subfield>
  </datafield>
  <datafield tag="245" ind1="1" ind2="0">
    <subfield code="a">Silber :</subfield>
    <subfield code="b">el segundo libro de los sue&#xF1;os /</subfield>
    <subfield code="c">Kerstin Gier, traducci&#xF3;n Nuria Villagrasa Valdivieso.</subfield>
  </datafield>
  <datafield tag="250" ind1=" " ind2=" ">
    <subfield code="a">1a. ed.</subfield>
  </datafield>
  <datafield tag="260" ind1=" " ind2=" ">
    <subfield code="a">Barcelona :</subfield>
    <subfield code="b">Ediciones B,</subfield>
    <subfield code="c">2015.</subfield>
  </datafield>
  <datafield tag="300" ind1=" " ind2=" ">
    <subfield code="a">349 p&#xE1;ginas.</subfield>
  </datafield>
  <datafield tag="520" ind1=" " ind2=" ">
    <subfield code="a">"Las vidas de Liv, Henry y Grayson parecen haber vuelto a la normalidad, hasta que son atacados por un personaje que demuestra conocerlos bien. Entretanto, Mia empieza a vagar, son&#xE1;mbula, por las noches y a hacer cosas extra&#xF1;as como intentar ahogar a su hermana Liv. Esta y Grayson deciden montar guardia para evitar que Mia se haga da&#xF1;o o da&#xF1;e a alguien m&#xE1;s. Durante el d&#xED;a, Liv y Henry contin&#xFA;an con su relaci&#xF3;n, la cual se ve amenazada cuando Secrecy publica en el blog que Henry est&#xE1; insatisfecho por no tener relaciones sexuales con Liv. Como consecuencia de ello la pareja rompe, pero contin&#xFA;an juntos para intentar proteger a Mia, sobre todo, cuando se enteran de que quien los persigue en sue&#xF1;os es la propia Anabel, que quiere salir del psiqui&#xE1;trico en que se encuentra recluida. Anabel lo niega, pero ellos no le creen. Hasta que descubren que es Arthur disfrazado de Anabel quien se quiere vengar de Liv. &#xBF;C&#xF3;mo se resolver&#xE1; todo esto? &#xBF;Lograr&#xE1;n Liv, Henry, Grayson y Mia recuperar la calma tanto en la noche como en el d&#xED;a?"</subfield>
  </datafield>
  <datafield tag="650" ind1="1" ind2="7">
    <subfield code="a">Novela juvenil alemana</subfield>
    <subfield code="2">LEMB</subfield>
  </datafield>
  <datafield tag="650" ind1="2" ind2="7">
    <subfield code="a">Sue&#xF1;os</subfield>
    <subfield code="x">Novela juvenil alemana</subfield>
  </datafield>
  <datafield tag="650" ind1="2" ind2="7">
    <subfield code="a">Literatura alemana</subfield>
    <subfield code="2">LEMB</subfield>
  </datafield>
  <datafield tag="650" ind1="2" ind2="7">
    <subfield code="a">Novela de ciencia-ficci&#xF3;n</subfield>
    <subfield code="2">LEMB</subfield>
  </datafield>
  <datafield tag="710" ind1="2" ind2=" ">
    <subfield code="a">Nuria Villagrasa Valdivieso,</subfield>
    <subfield code="c">traductora.</subfield>
  </datafield>
  <datafield tag="999" ind1=" " ind2=" ">
    <subfield code="c">10016</subfield>
    <subfield code="d">10016</subfield>
  </datafield>
  <datafield tag="952" ind1=" " ind2=" ">
    <subfield code="0">0</subfield>
    <subfield code="1">1</subfield>
    <subfield code="2">ddc</subfield>
    <subfield code="4">0</subfield>
    <subfield code="7">0</subfield>
    <subfield code="8">LJ</subfield>
    <subfield code="a">BPMOS</subfield>
    <subfield code="b">BPMOS</subfield>
    <subfield code="d">2020-01-20</subfield>
    <subfield code="i">114387</subfield>
    <subfield code="l">2</subfield>
    <subfield code="o">JNGIEsMOS016651</subfield>
    <subfield code="p">MOS016651</subfield>
    <subfield code="r">2021-01-05</subfield>
    <subfield code="s">2021-01-04</subfield>
    <subfield code="t">ej.1</subfield>
    <subfield code="w">2020-01-20</subfield>
    <subfield code="y">BK</subfield>
    <subfield code="z">Quince d&#xED;as</subfield>
  </datafield>
</record>
